000 00859nam a22002057a 4500
999 _c6687
_d6687
003 AR-CdUCM
008 190319b ||||| |||| 00| 0 eng d
040 _aMUNICIPALIDAD PROVINCIAL DEL CUSCO
_cBIBLIOTECA MUNICIPAL DEL CUSCO
082 _23ed.
_a709 /
_bP56
100 _aPijoán, José
_918769
245 _aSumma Artis, Historia general del arte :
_bEl Arte Románico siglos XI y XII /
260 _aMadrid
_bEspasa-Calpe, S.A.,
_c1955
300 _a610 páginas ;
_bIlustraciones en color y b/n.
_c27 cm.
505 _aAd Limina -- El rescoldo Carolingio en Renania -- El taller de escultura de Arles-sur.tech -- El arte románico catalán de la época condal -- El arte románico de la región de Loire...
650 _aHistoria del Arte
_91647
650 _aPintura
_93081
650 _aArte románico
_913755
942 _2ddc
_cLIBROS
945 _admma